<?xml version="1.0" encoding="UTF-8"?>
<record
    xmlns:xsi="http://www.w3.org/2001/XMLSchema-instance"
    xsi:schemaLocation="http://www.loc.gov/MARC21/slim http://www.loc.gov/standards/marcxml/schema/MARC21slim.xsd"
    xmlns="http://www.loc.gov/MARC21/slim">

  <leader>01595nam a2200277 i 4500</leader>
  <controlfield tag="003">DO-SdBNP</controlfield>
  <controlfield tag="005">20260525151857.0</controlfield>
  <controlfield tag="007">ta</controlfield>
  <controlfield tag="008">260525e2024    dr ||||gr|||||||| |bspa d</controlfield>
  <datafield tag="020" ind1=" " ind2=" ">
    <subfield code="a">9789945654660.</subfield>
  </datafield>
  <datafield tag="040" ind1=" " ind2=" ">
    <subfield code="a">DO-SdBNP</subfield>
    <subfield code="b">spa</subfield>
    <subfield code="c">BNPHU</subfield>
    <subfield code="e">rda</subfield>
  </datafield>
  <datafield tag="041" ind1=" " ind2=" ">
    <subfield code="a">spa</subfield>
  </datafield>
  <datafield tag="082" ind1=" " ind2=" ">
    <subfield code="b">S838D 2024</subfield>
    <subfield code="2">22</subfield>
  </datafield>
  <datafield tag="100" ind1=" " ind2=" ">
    <subfield code="a">Sterling, Gael, </subfield>
    <subfield code="d">2007-</subfield>
    <subfield code="9">89732</subfield>
    <subfield code="e">autor.</subfield>
  </datafield>
  <datafield tag="245" ind1=" " ind2=" ">
    <subfield code="a">Deadwood / </subfield>
    <subfield code="c">Gael Sterling.</subfield>
  </datafield>
  <datafield tag="264" ind1=" " ind2=" ">
    <subfield code="a">Santo Domingo. Rep&#xFA;blica Dominicana : </subfield>
    <subfield code="b">Editorial Santuario, </subfield>
    <subfield code="c">2024.</subfield>
  </datafield>
  <datafield tag="300" ind1=" " ind2=" ">
    <subfield code="a">81 p&#xE1;ginas ; </subfield>
    <subfield code="c">23 x 15 cm.</subfield>
  </datafield>
  <datafield tag="336" ind1=" " ind2=" ">
    <subfield code="a">texto</subfield>
    <subfield code="b">txt</subfield>
    <subfield code="2">rdacontent</subfield>
  </datafield>
  <datafield tag="337" ind1=" " ind2=" ">
    <subfield code="a">sin mediaci&#xF3;n </subfield>
    <subfield code="b">n</subfield>
    <subfield code="2">rdamedia</subfield>
  </datafield>
  <datafield tag="338" ind1=" " ind2=" ">
    <subfield code="a">volumen</subfield>
    <subfield code="b">nc</subfield>
    <subfield code="2">rdacarrier</subfield>
  </datafield>
  <datafield tag="500" ind1=" " ind2=" ">
    <subfield code="a">Incluye biograf&#xED;a del autor en la solapa. </subfield>
  </datafield>
  <datafield tag="520" ind1=" " ind2=" ">
    <subfield code="a">En el a&#xF1;o 1877, en un peque&#xF1;o pueblo llamado Deadwood, hab&#xED;a un joven de 18 a&#xF1;os que se llamaba Arthur Brooks. Viv&#xED;a solo con su madre, ya que su padre hab&#xED;a fallecido cuando &#xE9;l ten&#xED;a tan solo 11 a&#xF1;os. Arthur y su padre eran muy cercanos; su padre no era un hombre tradicional, ya que se cri&#xF3; en un bosque, donde aprendi&#xF3; a sobrevivir por s&#xED; solo y eso mismo le ense&#xF1;&#xF3; a Arthur: a c&#xF3;mo sobrevivir en la naturaleza.
Despu&#xE9;s de la muerte de su padre la madre de Arthur dej&#xF3; de ser tan cari&#xF1;osa con &#xE9;l, ya no lo cuidaba ni le demostraba cari&#xF1;o, y todo empeor&#xF3; cuando desarroll&#xF3; un gusto por el alcohol, se volvi&#xF3; una mujer agresiva y r&#xE1;pida a la ira y empez&#xF3; a desahogarse en el peque&#xF1;o Arthur, que en ese momento nada m&#xE1;s ten&#xED;a 11 a&#xF1;os.</subfield>
  </datafield>
  <datafield tag="590" ind1=" " ind2=" ">
    <subfield code="a">Inventariado, 2026/WG.</subfield>
  </datafield>
  <datafield tag="650" ind1=" " ind2="0">
    <subfield code="a">Novela dominicana</subfield>
    <subfield code="9">223</subfield>
  </datafield>
  <datafield tag="942" ind1=" " ind2=" ">
    <subfield code="2">ddc</subfield>
    <subfield code="c">LBS1</subfield>
  </datafield>
  <datafield tag="952" ind1=" " ind2=" ">
    <subfield code="0">0</subfield>
    <subfield code="1">0</subfield>
    <subfield code="2">ddc</subfield>
    <subfield code="5">1</subfield>
    <subfield code="7">0</subfield>
    <subfield code="8">PD</subfield>
    <subfield code="a">BNPHU</subfield>
    <subfield code="b">BNPHU</subfield>
    <subfield code="c">CT</subfield>
    <subfield code="d">2026-05-25</subfield>
    <subfield code="l">0</subfield>
    <subfield code="o">S838D 2024</subfield>
    <subfield code="p">2026-4530</subfield>
    <subfield code="r">2026-05-25</subfield>
    <subfield code="w">2026-05-25</subfield>
    <subfield code="y">LBS1</subfield>
  </datafield>
  <datafield tag="952" ind1=" " ind2=" ">
    <subfield code="0">0</subfield>
    <subfield code="1">0</subfield>
    <subfield code="2">ddc</subfield>
    <subfield code="5">1</subfield>
    <subfield code="7">0</subfield>
    <subfield code="8">PD</subfield>
    <subfield code="a">BNPHU</subfield>
    <subfield code="b">BNPHU</subfield>
    <subfield code="c">CT</subfield>
    <subfield code="d">2026-05-25</subfield>
    <subfield code="l">0</subfield>
    <subfield code="o">S838D 2024</subfield>
    <subfield code="p">2026-4531</subfield>
    <subfield code="r">2026-05-25</subfield>
    <subfield code="t">e.2</subfield>
    <subfield code="w">2026-05-25</subfield>
    <subfield code="y">LBS1</subfield>
  </datafield>
  <datafield tag="952" ind1=" " ind2=" ">
    <subfield code="0">0</subfield>
    <subfield code="1">0</subfield>
    <subfield code="2">ddc</subfield>
    <subfield code="5">1</subfield>
    <subfield code="7">0</subfield>
    <subfield code="8">PD</subfield>
    <subfield code="a">BNPHU</subfield>
    <subfield code="b">BNPHU</subfield>
    <subfield code="c">CT</subfield>
    <subfield code="d">2026-05-25</subfield>
    <subfield code="l">0</subfield>
    <subfield code="o">S838D 2024</subfield>
    <subfield code="p">2026-4532</subfield>
    <subfield code="r">2026-05-25</subfield>
    <subfield code="t">e.3</subfield>
    <subfield code="w">2026-05-25</subfield>
    <subfield code="y">LBS1</subfield>
  </datafield>
  <datafield tag="999" ind1=" " ind2=" ">
    <subfield code="c">60821</subfield>
    <subfield code="d">60821</subfield>
  </datafield>
</record>
